[Event "Interzonal-16"]
[Site "Biel"]
[Date "1993.??.??"]
[Round "1"]
[White "Topalov, Veselin"]
[Black "Seirawan, Yasser"]
[Result "0-1"]
[WhiteElo "2650"]
[BlackElo "2575"]
[Annotator "Ambroz,J"]
[PlyCount "94"]
[EventDate "1993.07.16"]
[EventType "swiss"]
[EventRounds "13"]
[EventCountry "SUI"]
[SourceTitle "CBM 037"]
[Source "ChessBase"]
[SourceDate "1993.12.01"]
[SourceVersion "1"]
[SourceVersionDate "1993.12.01"]
[SourceQuality "1"]

1. c4 {Ribli} e5 2. Nc3 Nc6 3. g3 g6 4. Bg2 Bg7 5. e3 d6 6. Rb1 f5 (6... a5 $6
{Ribli}) 7. d3 Nf6 8. Nge2 O-O 9. O-O Ne7 $1 (9... a5 $6 {Ribli} 10. b3 $1 $14)
(9... g5 {Ribli} 10. f4 $1 $13 {Georgadze,G-Vyzmanavin,A/Podolsk/1992/CBM33/})
10. f4 (10. b3 $5 {Ribli Csom,I-Bhend,E/SWZ-GP Suhr/1992/EXP27/}) 10... c6 11.
b3 $5 (11. b4 Be6 12. b5 Nd7 13. Ba3 Qc7 14. Qd2 Rae8 $10 {Hanken-Anderson,M,
Los Angeles 1991}) 11... Be6 12. h3 (12. Kh1 $5 {Ribli} Qc7 13. e4 h5 14. Be3
$13) 12... Qc7 (12... Qd7 $5 13. Kh2 Rad8 14. e4 $13) 13. e4 h5 $5 (13... Rad8
14. Be3 b6 $13) 14. Be3 h4 15. c5 $5 Nh5 (15... hxg3 16. cxd6 Qxd6 17. fxe5 (
17. Nxg3 exf4) (17. d4 {Ribli} Nxe4 18. fxe5 Qd7 $13) 17... Qxe5 18. Bf4 Qc5+
$1 19. d4 Qa5 $36) 16. cxd6 Qxd6 17. d4 (17. fxe5 Bxe5 18. gxh4 f4 $17) 17...
exd4 (17... exf4 18. gxf4 $13 (18. e5 $2 Bxe5 $1)) (17... fxe4 {Ribli} 18. fxe5
Qd7 19. g4 $16) 18. e5 Qd7 19. Bxd4 Nxg3 20. Nxg3 hxg3 21. Bc5 $1 Qxd1 (21...
Rfd8 $142 22. Qf3 Nd5 23. Qxg3 Nxc3 24. Qxc3 Bf8 25. Bxf8 Kxf8 $15 {/\ Qd4 _|_}
(25... Rxf8 26. Rfd1 Bd5 27. Rd3 Qe6 28. Rbd1 Rad8 (28... Bxg2 29. Rd6) 29. Qd2
$16)) 22. Rbxd1 Kf7 23. Rd3 Rfd8 24. Rxg3 Bf8 (24... Rd2 $1 25. Rf2 (25. Bxe7
Kxe7 26. Rxg6 Kf7 27. Rg3 Bf8 $5 $44 {^^}) 25... Rxf2 26. Kxf2 Rd8 $10) 25. Ne2
$1 Rd2 (25... Bd5 {Ribli} 26. Rf2 $14) 26. Nd4 Bd5 27. e6+ Bxe6 (27... Kf6 28.
Bd6 $5 Rxd4 (28... Bxe6 29. Be5+ Kf7 30. Nf3 $16 {/\ Ng5}) (28... Kg7 29. Bxd5
(29. Be5+ Kh7) 29... Nxd5 30. Nxf5+ Kf6 31. Nh4 Kxe6 32. Rxg6+ Kf7 33. Bxf8
Rxf8 34. Rg2 $14) 29. Be5+ Kxe6 30. Bxd4 Bxg2 31. Kxg2 Kf7 $14 {/\ Nd5}) 28.
Nf3 Rad8 (28... Re2 $2 29. Ng5+ Kg8 30. Bf3 $18) 29. Ng5+ (29. Nxd2 Rxd2 30.
Rf2 Rd1+ 31. Rf1 Rd2 $10) 29... Kf6 30. Bb4 (30. Re1 Rd1 31. Rge3 Rxe1+ 32.
Rxe1 Bg8 $17) 30... Rc2 31. Bc3+ (31. Nh7+ $142 Kf7 32. Ng5+ $10) 31... Rxc3
32. Rxc3 Bg8 $1 33. Rc2 Nd5 34. Bxd5 Rxd5 35. Re2 Bc5+ 36. Kh2 Rd4 37. Kg3 Bd5
38. Nh7+ Kg7 39. Ng5 Kf6 40. Nh7+ Kg7 $22 41. Ng5 Rd3+ 42. Kh4 (42. Kh2 {Ribli}
Be3 $13) 42... Kh6 (42... a5 $5) 43. b4 Be3 44. a4 a6 $1 45. Rb2 Bd4 46. Re2
Bf6 47. Rfe1 (47. Re8 Bg2) (47. Rff2 Rd4 48. Kg3 Rxb4) 47... Rf3 0-1

[Event "Linares 09th"]
[Site "Linares"]
[Date "1991.??.??"]
[Round "1"]
[White "Ehlvest, Jaan"]
[Black "Karpov, Anatoly"]
[Result "0-1"]
[WhiteElo "2650"]
[BlackElo "2725"]
[Annotator "Anand,V"]
[PlyCount "120"]
[EventDate "1991.02.??"]
[EventType "tourn"]
[EventRounds "13"]
[EventCountry "ESP"]
[EventCategory "17"]
[SourceTitle "CBM 022"]
[Source "ChessBase"]
[SourceDate "1991.06.01"]
[SourceVersion "1"]
[SourceVersionDate "1991.06.01"]
[SourceQuality "1"]

1. c4 {Ribli} e5 2. Nc3 Nc6 3. g3 g6 4. Bg2 Bg7 5. d3 d6 6. Rb1 a5 7. e3 Nf6 8.
Nge2 {Keep an eye on this knight!} h5 9. h3 O-O 10. b3 Be6 11. Nd5 Rb8 12. Qd2
Qd7 13. Nec3 Ne8 14. Bb2 b6 15. Rc1 Ne7 16. Ne2 {Back!} (16. Nxe7+ {Ribli} Qxe7
17. O-O) 16... c5 17. Nec3 {Back again!} Nc7 18. h4 f5 19. Nxc7 Qxc7 20. Ne2 {
Back again!} Rbd8 21. f4 Bd7 22. O-O Bc6 23. e4 Kh8 24. Nc3 {One final time!}
exf4 25. Nd5 $2 (25. Ne2 $3 {Jaan pointed this out after the game. It is only
fitting that this move should cause serious problems for black!} Bxb2 (25...
fxg3 $4 26. Qh6+ $18) 26. Qxb2+ Kh7 27. Nxf4 {White's advantage may not be
decisive but it is certainly very unpleasant for Black to defend this
position-the difference between the knights is too much}) 25... Nxd5 (25...
Bxd5 $2 {Ribli} 26. exd5 fxg3 $4 27. Qh6+ $18) 26. exd5 Bb7 27. Rxf4 (27. gxf4
$1) 27... Rde8 28. Rff1 Bxb2 29. Qxb2+ Qg7 {Now Black has a slight advantage}
30. Qf2 (30. Qxg7+ Kxg7 31. Rce1 $15) 30... Qf6 31. Rce1 Bc8 32. Kh2 Bd7 33.
Qf4 (33. Rxe8 Rxe8 34. Re1 $15) 33... Kg7 34. Kg1 Re5 35. d4 (35. Rxe5 dxe5 36.
Qg5 $5) 35... Rxe1 36. Rxe1 Qxd4+ 37. Qxd4+ cxd4 38. Rd1 f4 $1 39. Kf2 fxg3+
40. Kxg3 Re8 41. Rxd4 Bf5 42. Kf2 Kf6 43. Bf3 g5 $1 44. hxg5+ (44. Bxh5 {Ribli}
Rh8 45. hxg5+ Ke5 $1 46. Rh4 Bg6 47. Bxg6 Rxh4 $19) 44... Kxg5 $17 45. Rd1 Rf8
46. Ke3 Bg4 $19 47. Bxg4 hxg4 48. Rh1 Rf6 49. Ke2 g3 50. Rf1 Rf4 51. a3 Kg4 52.
b4 axb4 53. axb4 g2 54. Rxf4+ Kxf4 55. Kf2 Ke5 56. Kxg2 Kd4 57. c5 bxc5 58.
bxc5 Kxc5 59. Kf3 Kxd5 60. Ke3 Kc4 0-1

[Event "Valle d'Aosta op 11th"]
[Site "Saint Vincent"]
[Date "2003.02.14"]
[Round "7"]
[White "Rotstein, Arkadij"]
[Black "Atalik, Suat"]
[Result "1-0"]
[WhiteElo "2544"]
[BlackElo "2581"]
[Annotator "Atalik,S"]
[PlyCount "125"]
[EventDate "2003.02.08"]
[EventType "swiss"]
[EventRounds "9"]
[EventCountry "ITA"]
[SourceTitle "EXT 2004"]
[Source "ChessBase"]
[SourceDate "2003.11.25"]
[SourceVersion "1"]
[SourceVersionDate "2003.11.25"]
[SourceQuality "1"]

1. c4 e5 2. g3 Nc6 3. Bg2 g6 {The reverse Closed Sicilian is something I have
learned from Predrag's games.} 4. Nc3 Bg7 5. Rb1 a5 6. a3 f5 7. d3 Nf6 8. e3
O-O 9. Nge2 Ne7 $5 {Black wants to bulid up the center taking the advantage
that he did not play d6.} 10. O-O c6 11. d4 (11. f4 d6 $13) (11. c5 d6 12. cxd6
(12. b4 axb4 13. axb4 Be6) 12... Qxd6 $15 {is known since Karpov-P.Nikolic,
Wijk aan Zee 1988.}) 11... d6 $1 12. b4 $2 {A hasty move.} (12. b3 Be6) 12...
axb4 13. axb4 Be6 $15 14. c5 (14. d5 cxd5 15. cxd5 (15. Nxd5 Nexd5 (15... Rc8
$6 16. Nxf6+ Bxf6 17. c5 $11) 16. cxd5 Bd7 $17) 15... Bf7 $15) 14... e4 {
Blacks advantage is getting bigger.} 15. cxd6 Qxd6 16. b5 Bc4 17. bxc6 bxc6 $6
{I have hesitated for the right move quite a lot here.} ({Even better was} 
17... Qxc6 $142 18. f3 b5 19. fxe4 fxe4 $17) 18. Bd2 Ned5 19. Re1 Rfb8 {
After this it is obvious that whites pieces are confined to the first two
ranks therefore he is in trouble.} 20. Rxb8+ Qxb8 21. Bf1 Nb4 22. Nf4 Bf7 23.
h4 $6 {Playing with fire.} (23. f3 $15) 23... Bf8 24. Qb1 Ra3 $1 25. d5 $2 {
White cracks up under pressure,this simply loses a pawn.} (25. Rc1 Qd8 $15)
25... Qd6 $1 $17 26. Rd1 Nbxd5 (26... Nfxd5 27. Ncxd5 (27. Bc4 $2 Nxf4) 27...
Nxd5 28. Bc1 (28. Nxd5 Bxd5 $17 (28... Qxd5 $6 29. Bb4 Rb3 30. Qc2 Rxb4 31.
Rxd5 Bxd5 $15)) 28... Ra8 $17 {back in the game.}) 27. Ncxd5 Nxd5 28. Bc1 Ra8
$17 {Black is a healthy pawn up.} 29. Bc4 $6 {This catalyses the worst.} Qb4
30. Qc2 (30. Qxb4 Nxb4 31. Bxf7+ Kxf7 32. Bb2 Be7 $19) 30... Qc3 31. Qxc3 (31.
Qe2 Nxf4 32. Bxf7+ Kxf7 33. exf4 Ra1 34. Be3 Rxd1+ 35. Qxd1 Be7 36. Qd7 Qc4 37.
Qc8 h5 $19) 31... Nxc3 32. Bxf7+ Kxf7 33. Rd7+ Ke8 $2 {To win this game I did
not need to have an extra piece,just a pawn was enough.} (33... Be7 $1 34. Bb2
(34. Bd2 Nb5) 34... Nb5 35. Bd4 Rd8 $19 {And the c pawn will walk.}) 34. Rxh7
Ra1 35. Nxg6 Rxc1+ 36. Kg2 Bc5 $2 {Again not the best.} (36... Bd6 37. h5 Rc2
38. h6 Nd1 39. Rh8+ Kf7 40. Rd8 Rxf2+ 41. Kh3 Rd2 42. h7 Nf2+ 43. Kg2 Ng4+ 44.
Kf1 Nxe3+ 45. Ke1 Rh2 46. Rxd6 Rxh7 47. Ne5+ $15) (36... Nd5 $1 37. h5 (37. Rh8
Kf7 38. Nxf8 Kg7 39. Rh5 Kxf8 40. Rxf5+ Kg7 41. Re5 Rc4 $19) 37... Be7 $19) (
36... Bb4 $1 37. h5 Rc2 38. Rb7 Nd5 39. h6 Bc3 40. Kf1 Nf6 41. h7 Ng4 42. h8=Q+
Bxh8 43. Rb8+ Kd7 44. Rxh8 Rxf2+ 45. Ke1 Ra2 $19) 37. h5 Rc2 38. h6 Nd5 $2 {
Again the wrong move.} (38... Nd1 39. Kf1 (39. Rh8+ Kf7 40. Ne5+ Kf6 41. Nd7+
Kg6 42. Ne5+ Kh5 43. h7 Kh6 44. Rd8 Nxe3+ 45. Kh3 Kxh7 46. fxe3 Bxe3 47. Rf8
$17) 39... Bb4 40. Rh8+ Kf7 41. Ne5+ Kf6 42. h7 Rxf2+ 43. Kg1 Kg7 44. Rd8 Kxh7
45. Rxd1 Rc2 46. g4 Kg7 47. gxf5 Kf6 48. Nd7+ Kxf5 49. Rf1+ Ke6 50. Nf6 $15)
39. Rh8+ Kf7 (39... Kd7 40. Ne5+ Kc7 41. h7 Nxe3+ 42. Kh3 {and the pawn queens.
}) 40. Ne5+ Kf6 41. Rc8 $1 $36 {An incredible turn of events.} (41. Re8 Nxe3+
42. Kg1 Rc1+ 43. Kh2 Nf1+ 44. Kg2 Rc2 45. Nd7+ Kf7 46. Nxc5 Ne3+ 47. Kh3 Rc1
48. Kh2 Ng4+ 49. Kg2 Nxh6 50. Nb3 $17) (41. Rg8 Rxf2+ (41... Bxe3 42. h7 Kxe5
43. h8=Q+ Kd6) (41... Nxe3+ 42. Kh3 Rc1 (42... Ng4 43. h7 Nxf2+ 44. Kh4 Kxe5
45. h8=Q+ Kd5 46. Qf6 Kc4 47. Qxf5 Bd4 $44) 43. Kh2 Rc2 44. h7 Rxf2+ 45. Kh3
Kxe5 46. h8=Q+ Kd5 47. Rd8+ Kc4 48. Qe8 Ng4 49. Kh4 $16) 42. Kxf2 Bxe3+ 43. Kf1
Bxh6 44. Nxc6 f4 45. gxf4 $11 (45. g4 $2 Ne3+ 46. Kf2 Kf7 $17)) 41... Nxe3+ $8
(41... Rxf2+ 42. Kg1 $3 (42. Kxf2 Bxe3+ 43. Ke2 Bxh6 44. Nxc6 f4 45. gxf4 Bxf4
$11) 42... Bxe3 43. h7 Rc2+ (43... Ra2+ 44. Kh1 Ra1+ 45. Kh2 Ra2+ 46. Kh3 $18)
44. Kh1 Kxe5 (44... Rc1+ 45. Kh2 Kxe5 46. h8=Q+ $16) 45. h8=Q+ Kd6 46. Qd8+ Ke5
47. Qe8+ Kd4 48. Rxc6 Rxc6 49. Qxc6 Bf2 50. Kg2 $18) 42. Kh3 Rc1 43. Kh2 Nf1+
44. Kg2 Rc2 $1 (44... Nxg3 $2 45. h7 Rh1 46. Nd7+ Kf7 47. Nxc5 Rxh7 48. Kxg3
$18) 45. Nd7+ Kg6 $2 {Another wrong move.} (45... Kf7 $1 {immediately makes a
draw.} 46. Nxc5 (46. Kxf1 Bd4) 46... Ne3+ 47. Kh3 Rxf2 48. h7 Nf1 (48... Rf1
$11) (48... Ng4 49. Kh4 Rh2+ 50. Kg5 Rxh7 51. Rc7+ Kg8 52. Rc8+ $11) 49. Kh4
Rh2+ 50. Kg5 Rxh7 51. Rc7+ Kg8 52. Rc8+ Kg7 $11) (45... Kg5 $2 46. Nxc5 Ne3+
47. Kh3 Ng4 48. h7 Nxf2+ 49. Kg2 Nd3+ 50. Kf1 Rc1+ (50... Rh2 51. Nxd3 Rxh7 52.
Nf4 Kg4 53. Kg2 $18) 51. Ke2 Rh1 52. Rg8+ Kf6 53. Nd7+ Ke7 54. Nf8 Kf7 55. h8=Q
Rxh8 56. Rxh8 Kg7 57. Rh5 Kxf8 58. Rxf5+ $18) (45... Ke7 $1 46. Nxc5 Ne3+ 47.
Kh3 Rxf2 48. Nxe4 Rf1 (48... fxe4 49. h7 Rf1 50. Kh4 Rh1+ 51. Kg5 Nf1 52. Kf4
e3 53. Kf3 Nxg3 54. h8=Q Rxh8 55. Rxh8 Nf5 $11) 49. Kh2 Ng4+ $11) 46. Rxc6+ Kh7
47. Kxf1 (47. Nf6+ Kxh6 48. Nxe4+ Kh5 49. Rxc5 Rxc5 50. Nxc5 Nd2 $14 {This
ending is a theoretical draw.}) 47... Rc1+ (47... Rxf2+ $2 48. Ke1 Bd4 49. Nf6+
(49. Rd6 $2 f4 50. g4 Ra2 51. Rxd4 Ra1+ 52. Ke2 f3+ 53. Ke3 Re1+ 54. Kf2 Re2+
55. Kg3 f2 $11) 49... Bxf6 50. Kxf2 Bg5 51. Rc5 Kxh6 52. Rxf5 $18) 48. Ke2 Be3
$6 {Again the wrong square.} (48... Ba3 49. Nf8+ (49. Rf6 Rc2+ 50. Kf1 Rc1+ 51.
Kg2 Rd1 52. Ne5 Bb2 53. Rxf5 Kxh6 54. Ng4+ Kg6 55. Rf4 Rd4 $11) 49... Kg8 50.
h7+ Kh8 51. Ng6+ Kxh7 52. Rxc1 Bxc1 53. Ne7 f4 $11) 49. Nf8+ Kh8 $8 (49... Kg8
50. h7+ Kh8 51. Rg6 $18) 50. Rf6 Bg5 (50... Bd4 $1 51. Rf7 $1 (51. Rxf5 Rc2+
52. Kf1 e3 53. fxe3 Bxe3 54. Rf7 Bxh6 $11) 51... Rc2+ 52. Kd1 Rc6 53. Rxf5 Rxh6
54. Ke2 Kg8 55. Rd5 (55. Rf4 Rd6 $11) 55... Bxf2 $11 {makes a draw.}) (50...
Bxh6 $2 51. Rxh6+ Kg7 52. Rh5 Kxf8 53. Rxf5+ Kg7 54. Re5 $18) 51. Rxf5 Rc2+ 52.
Kf1 Rc1+ (52... Bxh6 53. Ne6 (53. Rh5 Kg7 54. Ne6+ Kg6 55. Re5 Rc4 56. Rc5 Rxc5
57. Nxc5 Kf5) 53... Rc1+ 54. Kg2 Rc2 55. Kh3 Kh7 $14) (52... e3 $2 53. Ng6+ Kh7
54. Rxg5 Rxf2+ 55. Kg1 Kxh6 56. Rg4 Kh5 57. Ne5 $18) 53. Kg2 Bxh6 54. Rh5 Rc6
$2 {The penultimate(!) mistake.} (54... Kg7 55. Ne6+ Kg6 56. Re5 Rc4 57. Nc5
Bg7 58. Rd5 Bf6 59. Nd7 $1 (59. g4 e3 $1 $11 (59... Be7 60. Ne6) 60. f3 $2 Rc2+
61. Kg3 (61. Kg1 e2 62. Nd3 Rd2 63. Nf4+ Kf7 $19) 61... e2 62. Nd3 Rd2 $19)
59... Bg7 60. Nc5 Bf6 $14) (54... e3 {Even this was better.} 55. Rxh6+ Kg7 56.
Rg6+ Kxf8 57. fxe3 $18) 55. Nd7 Kg7 56. Re5 $2 {In mutual time trouble white
also errs needlessly.} (56. Nc5 $1 e3 57. f4 Kg6 58. Rd5 Bf8 59. Nd7 $18) 56...
e3 $4 {Missing the last train for a draw!} (56... Rc7 57. Nb6 (57. Nc5 Kf6 58.
Rd5 (58. Rh5 Kg6) 58... Re7 $11) 57... Rc6 58. Nd5 (58. Na4 Rc4 59. Nc5 Kf6 60.
Nd7+ Kf7 $11) 58... Rc5 $11) 57. f4 $18 Rc3 58. Re7+ Kg6 59. Re6+ Kg7 60. Ne5
Rc2+ 61. Kf3 e2 62. Ng4 Rc3+ 63. Kxe2 1-0

[Event "EU-Cup 20th"]
[Site "Izmir"]
[Date "2004.10.04"]
[Round "2.2"]
[White "Dvoirys, Semen I"]
[Black "Haznedaroglu, Kivanc"]
[Result "1-0"]
[WhiteElo "2615"]
[BlackElo "2394"]
[Annotator "Atlas,V"]
[PlyCount "77"]
[EventDate "2004.10.03"]
[EventType "team-swiss"]
[EventRounds "7"]
[EventCountry "TUR"]
[SourceTitle "CBM 104"]
[Source "ChessBase"]
[SourceDate "2005.01.27"]
[SourceVersion "1"]
[SourceVersionDate "2005.01.27"]
[SourceQuality "1"]
[WhiteTeam "Beer Sheva"]
[BlackTeam "Istanbul Eczacibasi"]
[WhiteTeamCountry "ISR"]
[BlackTeamCountry "TUR"]

1. c4 e5 2. Nc3 Nc6 3. g3 g6 4. Bg2 Bg7 5. Rb1 d6 6. b4 Nf6 7. d3 O-O 8. Bg5 h6
9. Bxf6 Bxf6 10. e3 Ne7 11. b5 a6 12. Qa4 Bf5 13. Bxb7 Bxd3 14. Rd1 Qb8 15. Bg2
e4 16. Nxe4 Bxe4 17. Bxe4 d5 18. cxd5 axb5 19. Qc2 Ra4 20. Ne2 Qa7 21. Rd2 Rc4
22. Qd3 Qa5 23. Bg2 Rd8 24. O-O Nc6 (24... c6 25. e4 cxd5 26. exd5 Nf5 {
deserved serious attention.}) 25. Nf4 Bc3 26. Re2 Nb4 27. Qb1 g5 {'?!'} ({
A very risky continuation, allowing White to develop a dangerous attack on the
kingside. More prudent was} 27... Bg7 {, although White retains a durable
advantage anyway.}) 28. Nh5 Nxd5 29. e4 {'!'} Nf6 30. Nxf6+ Bxf6 31. e5 {'!'}
Bg7 32. e6 {'!' Energetic march of White's e-pawn weakens Black's king
position and creates manifold threats on the kingside.} fxe6 33. Rxe6 Rcd4 (
33... Qb4 {was more stubborn; yet after} 34. Qg6 Qf8 35. Bd5 $1 {White has a
decisive advantage.}) 34. Qg6 R4d6 35. Re8+ Rxe8 36. Qxe8+ Bf8 37. Bd5+ {
'!' '!' This thematic bishop thrust wins immediately. Black resigned in view of
} Rxd5 (37... Kg7 38. Qf7+ Kh8 39. Qg8#) 38. Qe6+ Kh8 39. Qxd5 1-0

[Event "EU-Cup 16th"]
[Site "Neum"]
[Date "2000.09.30"]
[Round "7.1"]
[White "Azmaiparashvili, Zurab"]
[Black "Beliavsky, Alexander G"]
[Result "1/2-1/2"]
[WhiteElo "2673"]
[BlackElo "2654"]
[Annotator "Azmaiparashvili"]
[PlyCount "54"]
[EventDate "2000.09.24"]
[EventType "team-swiss"]
[EventRounds "7"]
[EventCountry "BIH"]
[SourceTitle "CBM 080"]
[Source "ChessBase"]
[SourceDate "2001.01.25"]
[SourceVersion "1"]
[SourceVersionDate "2001.01.25"]
[SourceQuality "1"]
[WhiteTeam "Kiseljak"]
[BlackTeam "Graz Merkur"]
[WhiteTeamCountry "BIH"]
[BlackTeamCountry "AUT"]

1. c4 e5 2. Nc3 Nc6 3. g3 g6 4. Rb1 a5 5. a3 f5 6. Bg2 Nf6 7. d3 Bg7 8. Bg5 (8.
e3) 8... O-O $6 $146 (8... Nd4) 9. Qc1 d6 10. h4 Nd4 11. h5 c6 (11... gxh5 $5
12. Rxh5 Qe8 13. Rh1 Qg6 14. Nf3 Nxf3+ 15. Bxf3 c6 16. Bh6 $14) 12. hxg6 hxg6
13. Nf3 Ne6 (13... a4 $2 14. Bh6 $16) 14. Bh6 f4 15. Bxg7 Kxg7 16. c5 $1 g5 (
16... fxg3 $2 17. Qh6+ Kf7 18. fxg3 $16) 17. Na4 (17. cxd6 $142 Qxd6 18. Nd2
fxg3 19. fxg3 Qc5 20. Nde4 Nxe4 21. Nxe4 Qxc1+ 22. Rxc1 $16) 17... Nd5 $1 18.
Qc4 $2 (18. cxd6 Qxd6 19. Nc3 Nf6 20. Nd2 $16) 18... g4 $2 (18... fxg3 19. fxg3
Ne3 20. Qe4 Nxg2+ 21. Kd2 $1 (21. Kf2 Nh4) 21... Nh4 22. cxd6 Qxd6 23. Nb6 $13)
19. Nh4 (19. Nd2 $6 Nd4 20. Bxd5 cxd5 21. Qxd5 fxg3 22. fxg3 $140 $4 Nc2+ $19)
19... Nd4 $1 20. Bxd5 b5 $3 21. cxb6 Ba6 22. Qa2 (22. Qc3 $5 fxg3 23. Bxc6 Rc8
24. Qxa5 Bxd3 25. exd3 gxf2+ 26. Kf1 Rxc6 27. Qa7+ Rf7 28. Nf5+ Nxf5 29. Rh7+
Kxh7 30. Qxf7+ Ng7 31. Qxf2 $16) 22... fxg3 23. fxg3 Qg5 24. Be4 $2 (24. Ng2 $1
Bxd3 $1 25. b7 $1 Rae8 26. exd3 Rf2 27. Rh7+ $3 (27. Kxf2 Qd2+ 28. Kf1 Rf8+ 29.
Nf4 Qxd3+ 30. Kf2 Qd2+ 31. Kg1 Qe3+ $11) 27... Kxh7 28. Kxf2 Qd2+ 29. Kg1 Ne2+
30. Kh2 Kg7 31. Bg8 $18) 24... Nc2+ (24... Qe3 $6 25. Nc3 Rf2 26. Nf5+ Rxf5 27.
Bxf5 Nxf5 28. Qe6 $16) 25. Kd1 Ne3+ 26. Ke1 (26. Kd2 $2 Nf1+ 27. Kc2 Qd2+ 28.
Kb3 Bc8 $19) 26... Nc2+ 27. Kd1 Ne3+ 1/2-1/2

[Event "EU-ch 17th"]
[Site "Gjakova"]
[Date "2016.05.15"]
[Round "4"]
[White "Hammer, Jon Ludvig"]
[Black "Tari, Aryan"]
[Result "1/2-1/2"]
[WhiteElo "2689"]
[BlackElo "2558"]
[Annotator "Baldauf,M"]
[PlyCount "115"]
[EventDate "2016.05.12"]
[EventType "swiss"]
[EventRounds "11"]
[EventCountry "KOS"]
[SourceTitle "CBM 173"]
[Source "ChessBase"]
[SourceDate "2016.07.12"]
[SourceVersion "1"]
[SourceVersionDate "2016.07.12"]
[SourceQuality "1"]

1. c4 e5 2. g3 Nc6 3. Bg2 Bc5 4. Nc3 d6 5. e3 a6 6. Nf3 Nge7 7. O-O O-O 8. d4
Ba7 9. dxe5 dxe5 10. b3 Be6 11. Ba3 f6 12. Nd5 Rf7 13. Nxe7+ Nxe7 14. Qxd8+
Rxd8 15. Rfd1 Rb8 16. Ne1 {Diagramm [#] Hammer hat angenehmeres Spiel - die
einzige offene Linie ist in seiner Hand, der La7 ist aus dem Spiel und Taris
Damenflügel anfällig} Nc6 17. Rd2 {ermöglicht Tari Entlastung} (17. Nd3 $1 Rd7
$140 18. Bxc6 bxc6 19. Nb4) 17... Rd8 18. Rad1 Rxd2 19. Rxd2 Rd7 20. Rxd7 Bxd7
21. Bd5+ Kh8 22. Nd3 Bf5 23. e4 Bd7 24. Bc5 b6 (24... Bxc5 $2 25. Nxc5 Bc8 26.
Bxc6 bxc6 27. b4 $16) 25. Be3 Nd8 26. c5 {Diagramm [#]} b5 $1 {lässt den Bauer
bis d7 vorrücken, forciert jedoch die ungleichfarbigen Läufer, die generell
eine hohe Remistendenz aufweisen} 27. c6 (27. b4 c6 28. Bb3 Be6 $11) 27... Bxe3
28. cxd7 Bd2 29. b4 (29. Ba8 Kg8 30. Nc5 Kf7 31. Nxa6 Ba5 32. Kf1 Ke7 33. Nb8
Bb6 34. a4 bxa4 35. bxa4 $11) 29... c6 30. Bb3 g6 31. a3 Kg7 32. Nc5 Kf8 33.
Nxa6 Ke7 34. Nc5 Bc1 35. a4 Bd2 36. a5 Bxb4 37. Nb7 Bc3 38. a6 Bd4 39. Nxd8
Kxd8 40. Be6 b4 41. h4 Ba7 42. Kg2 c5 43. Kf3 c4 44. Bxc4 Kxd7 45. Bg8 Ke7 46.
Ke2 Kf8 47. Bb3 Ke7 48. f4 h6 49. fxe5 fxe5 50. Kd3 Kd6 51. Kc4 g5 52. Kxb4
gxh4 53. gxh4 Kc7 54. Bd5 Be3 55. Kc4 Kb6 56. Bb7 Ka7 57. Kd5 Bf4 58. Ke6
1/2-1/2

[Event "Minsk International"]
[Site "Minsk"]
[Date "1982.05.18"]
[Round "9"]
[White "Jussupow, Artur"]
[Black "Tseshkovsky, Vitaly"]
[Result "0-1"]
[WhiteElo "2555"]
[BlackElo "2595"]
[Annotator "Belov,I"]
[PlyCount "74"]
[EventDate "1982.05.07"]
[EventType "tourn"]
[EventRounds "15"]
[EventCountry "URS"]
[EventCategory "11"]
[SourceTitle "MCL"]
[Source "ChessBase"]
[SourceDate "1999.07.01"]
[SourceVersion "1"]
[SourceVersionDate "1999.07.01"]
[SourceQuality "1"]

1. c4 e5 2. Nc3 Nc6 3. g3 g6 4. Bg2 Bg7 5. e3 f5 (5... d6 6. Nge2 f5 7. d4 Nh6
8. dxe5 dxe5 9. Bxc6+ bxc6 10. Qxd8+ Kxd8 11. e4 Be6 12. b3 Ke8 13. O-O $14 {
Nogueiras,J-Browne,W/Linares/1993/1:0 (41) Inf 59/29/}) 6. Nge2 Nf6 7. O-O O-O
8. d3 d6 9. Rb1 (9. b3 $5 Ne7 10. Bb2 c6 11. f4 Be6 12. Qd2 Qc7 13. Nd1 $1 Rae8
14. Nf2 Kh8 15. Rae1 Neg8 $6 16. e4 $1 $16 {Granda Zuniga,J-Benjamin,S/New
York/1992/1:0 (57) Inf 55/29/}) 9... a5 10. a3 Be6 (10... Ne7 11. Nd5 c6 12.
Nxf6+ Bxf6 13. d4 Kh8 14. b4 axb4 15. axb4 Be6 16. Qc2 e4 17. f3 d5 $13 {
Pelts,R-Browne,W/USA/1990/}) 11. Nd5 Bf7 $5 12. Nec3 (12. b4 axb4 13. axb4 Nxd5
14. cxd5 Ne7 15. Nc3 c6 $10) 12... Nxd5 13. Nxd5 (13. Bxd5 Bxd5 14. Nxd5 Ne7
15. Qb3 $10) 13... Nb8 $1 14. Qb3 (14. b4 c6 15. Nc3 e4 $17) 14... Ra7 15. e4
$2 (15. Bd2 $5) 15... f4 $1 16. gxf4 Bxd5 17. cxd5 exf4 $17 18. f3 $8 Qf6 19.
Bd2 Qd4+ 20. Kh1 Nd7 21. Bc3 $5 Qxd3 22. Rfd1 Qa6 (22... Qe3 $5) 23. Bxg7 $2 (
23. Bf1 $1 Qb6 24. Qxb6 Nxb6 25. Be1 Nd7 26. Rdc1 b6 $17) 23... Kxg7 24. Qc3+
Ne5 25. Qxc7+ Rf7 26. Qc3 b5 27. Rbc1 Qb6 28. Qc8 (28. Qd2) 28... Rac7 29. Rxc7
Rxc7 30. Qd8 Nd3 $19 31. h3 (31. Rf1 Nf2+ 32. Rxf2 $8 Rc1+ $19) 31... Nf2+ 32.
Kh2 Nxd1 33. e5 dxe5 34. d6 Rb7 35. Qc8 Rb8 36. Qd7+ Kh6 37. Qe7 Qd8 0-1

[Event "EU-chT (Men) 10th"]
[Site "Debrecen"]
[Date "1992.11.??"]
[Round "7.2"]
[White "Sokolov, Ivan"]
[Black "Chernin, Alexander"]
[Result "1/2-1/2"]
[WhiteElo "2630"]
[BlackElo "2620"]
[Annotator "Bulletin"]
[PlyCount "47"]
[EventDate "1992.11.20"]
[EventType "team-swiss"]
[EventRounds "9"]
[EventCountry "HUN"]
[SourceTitle "EU-chT"]
[Source "ChessBase"]
[SourceDate "1999.07.01"]
[SourceVersion "2"]
[SourceVersionDate "1999.07.01"]
[SourceQuality "1"]
[WhiteTeam "Bosnia&Herzegovina"]
[BlackTeam "Hungary"]
[WhiteTeamCountry "BIH"]
[BlackTeamCountry "HUN"]

1. c4 e5 2. Nc3 Nc6 3. g3 g6 4. Bg2 Bg7 5. e3 d6 6. Nge2 h5 7. d4 h4 8. d5 Nce7
9. e4 f5 10. Bg5 h3 (10... Bh6 11. gxh4 $16) (10... Bf6 11. gxh4 $16) (10...
Nh6 11. Bxh4 Nf7 12. Bxe7 $16) 11. Bf3 $2 (11. Bf1 $142 $1 Nf6 (11... Bf6 12.
Be3 Nh6 13. Bxh3 f4 14. Bxc8 fxe3 15. Be6 $18) (11... Bh6 12. Bxe7 Qxe7 13.
Bxh3 $16) 12. Qd2 $1 Nxe4 (12... fxe4 13. Bxf6 $1 Bxf6 14. Nxe4 $16 {><g6, h3})
13. Nxe4 fxe4 14. Nc3 Bf5 15. Be2 Qd7 16. Rg1 $16 {/\ g4 Chernin,A}) 11... Bf6
12. Bxf6 (12. Be3 Nh6 $13) 12... Nxf6 13. Qd2 Kf8 $1 14. O-O (14. O-O-O a6 $1 {
/\ b5<=>}) 14... Neg8 $1 15. Nc1 Nh6 16. Nd3 Kg7 17. Bh1 Nf7 18. Rae1 Bd7 19.
f4 Qe7 20. c5 $5 Rae8 21. fxe5 dxe5 (21... Nxe5 $6 22. Nxe5 dxe5 23. b4 $14 {
><g5}) 22. b4 b6 $1 23. Re2 Rhf8 24. Rfe1 $13 (24. Rfe1 Ng4 25. Rf1 Nf6)
1/2-1/2